Guide for teaching health and wellness : (Record no. 7086)
[ view plain ]
| 000 -LEADER | |
|---|---|
| fixed length control field | nam a22 7a 4500 |
| 005 - DATE AND TIME OF LATEST TRANSACTION | |
| control field | 20190213071619.0 |
| 008 - FIXED-LENGTH DATA ELEMENTS--GENERAL INFORMATION | |
| fixed length control field | 190213b xxu||||| |||| 00| 0 eng d |
| 020 ## - IDENTIFIER FOR THE MANIFESTATION | |
| Identifier for the Manifestation | 9789712720536 |
| Binding | paperback |
| 040 ## - CATALOGING SOURCE | |
| Language of Cataloging | eng |
| Transcribing Agency | APEC Schools Library |
| Description Conventions | rda |
| 082 ## - DEWEY DECIMAL CLASSIFICATION NUMBER | |
| Classification number | F 372.37 |
| Author's Number | B642f 2008 |
| 100 ## - CREATOR | |
| Preferred Name of the Person | Bonito, Sheila R. |
| 245 ## - TITLE AND STATEMENT OF RESPONSIBILITY | |
| Preferred Title Proper | Guide for teaching health and wellness : |
| Remainder of Title | a sourcebook for teacher 4 / |
| Statement of Responsibility/Parallel Statement of Responsibility | Sheila R. Bonito, |
| -- | Araceli V. Ocampo-Balabagno |
| -- | Teresita Irgo-Barcelo |
| 264 ## - PUBLICATION STATEMENT | |
| Place of publication, distribution, etc | Pasig City : |
| Publisher's Name/Parallel Publisher's Name | Anvil Publishing Inc., |
| Copyright | ©2008. |
| 300 ## - PHYSICAL DESCRIPTION | |
| Extent | xi, 67 pages ; |
| Dimensions | 22 cm. |
| 336 ## - RDA CONTENT | |
| Source | rdacontent |
| Content Type | text |
| 337 ## - RDA MEDIA | |
| Source | rdamedia |
| Media Type | unmediated |
| 338 ## - RDA CARRIER | |
| Source | rdacarrier |
| Carrier Type | volume |
| 504 ## - BIBLIOGRAPHY, ETC. NOTE | |
| Bibliography, etc | Includes index. |
| 600 ## - ADDED SUBJECT ACCESS POINT - PERSONAL NAME | |
| Preferred Name of the Person | Ocampo-Balabagno, Araceli V. |
| 600 ## - ADDED SUBJECT ACCESS POINT - PERSONAL NAME | |
| Preferred Name of the Person | Irgo-Barcelo, Teresita |
| 942 ## - ADDED ENTRY ELEMENTS (KOHA) | |
| Source of Classification | |
| Koha Item Type | Books |
| Library | Site Location | Shelving Location | Source of Acquisition | Full Classification Number | Accession Number | Koha Item Type |
|---|---|---|---|---|---|---|
| APEC Bacoor Library | APEC Bacoor Library | Filipiniana | Institutional Fund | F 372.37 B642f 2008 | B04-0000162 | Non Fiction |
| APEC Calumpang Library | APEC Calumpang Library | Filipiniana | Institutional Fund | F 372.37 B642f 2008 | B10-0000192 | Non Fiction |
| APEC Dasmarinas Library | APEC Dasmarinas Library | Filipiniana | Institutional Fund | F 372.37 B642f 2008 | B03-0000186 | Non Fiction |
| APEC España Library | APEC España Library | Filipiniana | Institutional Fund | F 372.37 B642f 2008 | B11-0000148 | Non Fiction |
| APEC Grace Park West Library | APEC Grace Park West Library | Filipiniana | Institutional Fund | F 372.37 B642f 2008 | A09-0000136 | Non Fiction |
| APEC JRU Lipa Library | APEC JRU Lipa Library | Filipiniana | Institutional Fund | F 372.37 B642f 2008 | B12-0000188 | Non Fiction |
| APEC Concepcion Dos Library | APEC Marikina Heights Library | Filipiniana | Institutional Fund | F 372.37 B642f 2008 | C02-0000188 | Non Fiction |
| APEC Muntinlupa Library | APEC Muntinlupa Library | Filipiniana | Institutional Fund | F 372.37 B642f 2008 | B01-0000255 | Non Fiction |
| APEC New Manila Library | APEC New Manila Library | Filipiniana | Institutional Fund | F 372.37 B642f 2008 | C03-0000189 | Non Fiction |
| APEC Ortigas Extension, Cainta Library | APEC Ortigas Extension, Cainta Library | Filipiniana | Institutional Fund | F 372.37 B642f 2008 | B09-0000182 | Non Fiction |
| APEC Roxas Boulevard Library | APEC Roxas Boulevard Library | Filipiniana | Institutional Fund | F 372.37 B642f 2008 | B06-0000152 | Non Fiction |
| APEC Silangan, Pateros Library | APEC Silangan, Pateros Library | Filipiniana | Institutional Fund | F 372.37 B642f 2008 | B07-0000167 | Non Fiction |
| APEC Sta. Rita Library | APEC Sta. Rita Library | Filipiniana | Institutional Fund | F 372.37 B642f 2008 | B02-0000335 | Non Fiction |
| APEC Taytay Library | APEC Taytay Library | Filipiniana | Institutional Fund | F 372.37 B642f 2008 | B08-0000158 | Non Fiction |
| APEC Tondo Library | APEC Tondo Library | Filipiniana | Institutional Fund | F 372.37 B642f 2008 | A10-0000270 | Non Fiction |
| APEC V. Luna Library | APEC V. Luna Library | Filipiniana | Institutional Fund | F 372.37 B642f 2008 | A01-0000335 | Non Fiction |
